000 00710nam a2200253Ia 4500
001 11293
005 20240113235305.0
007 ta
008 050810s1997 a g b000 u ben u
020 _a81-85479-38-0
040 _aCotton College,Assam
041 _aben
082 _a891.44308
_bHa 199 Ad
100 _aHaque, H.A. .
245 0 _aAdhunik Bangla Galpa Sangraha 1 /
_cH.A. Haque, A. Achariya.
_hTextual Documents
250 _a1st ed. /
260 _aCalcutta :
_bAnustup ,
_c1997.
300 _a193p. :
_bill. ;
_c22cm .
653 _aBengali Short Stories-Collections
653 _aBengali Fiction-Collections
942 _2ddc
_cBK
999 _c11280
_d11280